[Event "Turkey Cup 2019"]
[Site "Belek"]
[Date "2019.01.28"]
[Round "3.69"]
[White "Yigiter, Fatih"]
[Black "Peker, Serdar"]
[Result "0-1"]
[WhiteElo "1619"]
[BlackElo "1830"]
[Annotator "NA RC"]
[PlyCount "100"]
[EventDate "2019.01.27"]
[EventType "swiss"]
[EventCountry "TUR"]
[SourceTitle "playchess.com"]
[Source "ChessBase"]
[SourceQuality "1"]

1. d4 d5 2. c4 c6 3. Nf3 Nf6 4. Qc2 g6 5. Bf4 Bg7 6. Nc3 a6 7. cxd5 cxd5 8. g3 Nc6 9. a3 O-O 10. Bg2 Bf5 11. Qd1 Ne4 12. Rc1 Nxc3 13. Rxc3 Be4 14. e3 f6 15. g4 e5 16. Bg3 exd4 17. exd4 f5 18. gxf5 gxf5 19. Bh4 Bxf3 20. Bxf3 Re8+ 21. Kf1 Qxh4 22. Bxd5+ Kh8 23. Rg1 Bxd4 24. Rf3 Rad8 25. Qb3 Ne5 26. Rxf5 Ng4 27. h3 Ne3+ 28. fxe3 Qxh3+ 29. Rg2 Qxf5+ 30. Rf2 Qh3+ 31. Bg2 Qxe3 32. Qxe3 Bxe3 33. Rc2 Rf8+ 34. Ke1 Rd7 35. Bh3 Re7 36. Kd1 Rf2 37. Rc8+ Kg7 38. Bg4 Rxb2 39. a4 Bf2 40. Kc1 Bd4 41. a5 Re1+ 42. Bd1 Rb5 43. Rc7+ Kh6 44. Kd2 Ree5 45. Bc2 Be3+ 46. Kd1 Rbd5+ 47. Bd3 Rxd3+ 48. Kc2 Rd2+ 49. Kb3 Rb5+ 50. Kc3 Rc5+ 0-1

[Event "Turkey Cup 2019"]
[Site "Belek"]
[Date "2019.01.28"]
[Round "3.70"]
[White "Acar, Kaan"]
[Black "Gundogan, Sinem Cagla"]
[Result "0-1"]
[WhiteElo "1548"]
[BlackElo "1860"]
[Annotator "NA RC"]
[PlyCount "176"]
[EventDate "2019.01.27"]
[EventType "swiss"]
[EventCountry "TUR"]
[SourceTitle "playchess.com"]
[Source "ChessBase"]
[SourceQuality "1"]

1. d4 d5 2. c4 c6 3. Nc3 Nf6 4. Bf4 e6 5. e3 Be7 6. Nf3 Nbd7 7. Bd3 dxc4 8. Bxc4 b5 9. Bd3 Bb7 10. O-O O-O 11. h3 a6 12. Qe2 c5 13. Rfd1 c4 14. Bc2 Nb6 15. a3 Nbd5 16. Nxd5 exd5 17. Ne5 a5 18. Kh1 Rc8 19. Bf5 Ra8 20. g4 g6 21. Bh6 Re8 22. g5 Ne4 23. Bd7 Bxg5 24. Bxe8 Qxe8 25. Bxg5 Nxg5 26. Kh2 Bc8 27. Ng4 Qe6 28. Rg1 h5 29. Nh6+ Kh7 30. Rxg5 Qxh3+ 31. Kg1 Kxh6 32. Rg3 Qh4 33. Qf3 Bf5 34. Qg2 Qe4 35. Qxe4 Bxe4 36. f3 Bd3 37. Kf2 Rc8 38. Rag1 b4 39. axb4 axb4 40. Rg5 Rd8 41. Re5 c3 42. bxc3 bxc3 43. Rc1 c2 44. Ke1 Rd6 45. Kd2 Bf5 46. e4 dxe4 47. fxe4 Rxd4+ 48. Ke3 Rd1 49. Rxc2 Be6 50. Rh2 Rg1 51. Kf2 Rg4 52. Kf3 Rg1 53. Ra5 g5 54. Rg2 Bg4+ 55. Kf2 Rb1 56. Ra6+ Kg7 57. Ke3 Rd1 58. Rb6 Ra1 59. Rc6 Ra5 60. Rb6 Be6 61. Rb1 h4 62. Rbg1 Kg6 63. Rh2 Kh5 64. Rgh1 h3 65. Rxh3+ Bxh3 66. Rxh3+ Kg4 67. Rh6 Ra3+ 68. Ke2 Rf3 69. e5 Rf5 70. Rb6 Rxe5+ 71. Kf2 f5 72. Rb1 f4 73. Rg1+ Kf5 74. Ra1 g4 75. Ra8 g3+ 76. Kg2 Kg4 77. Rg8+ Rg5 78. Rf8 Rg7 79. Rf6 Rh7 80. Rg6+ Kf5 81. Rg8 Rh2+ 82. Kg1 Ke4 83. Ra8 Re2 84. Ra3 Re3 85. Ra2 Kf3 86. Kf1 g2+ 87. Rxg2 Re1+ 88. Kxe1 Kxg2 0-1

[Event "Turkey Cup 2019"]
[Site "Belek"]
[Date "2019.01.28"]
[Round "3.71"]
[White "Suzan, Ufuk"]
[Black "Erim, Engin"]
[Result "0-1"]
[WhiteElo "1831"]
[BlackElo "1615"]
[Annotator "NA RC"]
[PlyCount "132"]
[EventDate "2019.01.27"]
[EventType "swiss"]
[EventCountry "TUR"]
[SourceTitle "playchess.com"]
[Source "ChessBase"]
[SourceQuality "1"]

1. e4 c5 2. Nf3 d6 3. d4 cxd4 4. Nxd4 Nf6 5. Nc3 a6 6. Be3 e6 7. f3 Be7 8. Qd2 b5 9. O-O-O Bb7 10. g4 Nfd7 11. g5 O-O 12. h4 b4 13. Na4 d5 14. Bd3 e5 15. Nf5 d4 16. Bxd4 exd4 17. Bc4 Ne5 18. Qxd4 Nbc6 19. Qg1 Qa5 20. Bb3 Rad8 21. Rd5 Qc7 22. Qe3 Nb8 23. Rdd1 Rxd1+ 24. Rxd1 Rd8 25. Bd5 Bxd5 26. exd5 Bf8 27. h5 Nc4 28. Qd4 Nd6 29. Ne3 Qa5 30. b3 Nb5 31. Qh4 Rc8 32. Nc4 Na3 33. Nxa3 bxa3 34. Qg4 Qc7 35. c4 a5 36. g6 Re8 37. Nc3 Qe5 38. gxh7+ Kh8 39. Kc2 Na6 40. Qd4 Nb4+ 41. Kc1 Qh2 42. Qd2 Nd3+ 43. Kb1 Qxd2 44. Rxd2 Re1+ 45. Rd1 Rxd1+ 46. Nxd1 Kxh7 47. Nc3 Kh6 48. Ne4 f5 49. Ng3 f4 50. Ne4 Nc5 51. Nf2 Kxh5 52. Nh3 g5 53. Kc2 Bd6 54. Kc3 Kh4 55. Ng1 Kg3 56. b4 axb4+ 57. Kxb4 Nd3+ 58. Kb5 Kg2 59. Kc6 Bb4 60. Ne2 Kxf3 61. Nd4+ Ke4 62. Ne6 g4 63. d6 Bxd6 64. Kxd6 g3 65. c5 Nxc5 66. Nxc5+ Ke3 0-1

[Event "Turkey Cup 2019"]
[Site "Belek"]
[Date "2019.01.28"]
[Round "3.74"]
[White "Zekeriyaoglu, Ersen"]
[Black "Dorum, Doga Can"]
[Result "1-0"]
[WhiteElo "1759"]
[BlackElo "1595"]
[Annotator "NA RC"]
[PlyCount "123"]
[EventDate "2019.01.27"]
[EventType "swiss"]
[EventCountry "TUR"]
[SourceTitle "playchess.com"]
[Source "ChessBase"]
[SourceQuality "1"]

1. c4 c5 2. Nf3 g6 3. Nc3 Bg7 4. g3 Nc6 5. Bg2 e6 6. O-O Nge7 7. d3 O-O 8. Bf4 e5 9. Bg5 h6 10. Bd2 d6 11. h3 a6 12. a3 Rb8 13. a4 Nd4 14. e3 Ndc6 15. Qe2 g5 16. Nh2 Bf5 17. Nd5 Nxd5 18. cxd5 Ne7 19. a5 Qd7 20. g4 Bh7 21. e4 Ng6 22. Rfd1 Rfc8 23. Nf1 Nf4 24. Qe3 c4 25. Bc3 cxd3 26. Ng3 Bg6 27. Bf1 Bf6 28. f3 Bd8 29. Kh2 b5 30. Bxd3 Nxd3 31. Qxd3 b4 32. Be1 Qb5 33. Qxb5 Rxb5 34. Rdc1 Rxc1 35. Rxc1 Rc5 36. Rxc5 dxc5 37. Nf1 f6 38. Nd2 Bxa5 39. Nc4 Bd8 40. Bf2 Be8 41. Bxc5 Bb5 42. Nd6 Be2 43. Kg3 b3 44. Nb7 Bc7 45. d6 Bb8 46. d7 Bc7 47. Bd6 Bb6 48. d8=Q+ Bxd8 49. Nxd8 a5 50. Nb7 a4 51. Ba3 Kf7 52. Nd6+ Kg6 53. Kf2 Ba6 54. Nf5 h5 55. Ne3 h4 56. Nd5 Kf7 57. Nc3 Ke6 58. Nxa4 Bb5 59. Nc5+ Kd6 60. Nxb3+ Kc6 61. Be7 Ba4 62. Nd2 1-0

[Event "Turkey Cup 2019"]
[Site "Belek"]
[Date "2019.01.28"]
[Round "3.75"]
[White "Erdal, Kerem"]
[Black "Eke, Salih"]
[Result "0-1"]
[WhiteElo "1509"]
[BlackElo "1801"]
[Annotator "NA RC"]
[PlyCount "78"]
[EventDate "2019.01.27"]
[EventType "swiss"]
[EventCountry "TUR"]
[SourceTitle "playchess.com"]
[Source "ChessBase"]
[SourceQuality "1"]

1. e4 c5 2. c3 Nf6 3. e5 Nd5 4. d4 cxd4 5. cxd4 Nc6 6. Nf3 d6 7. exd6 Qxd6 8. Nc3 Nxc3 9. bxc3 g6 10. Be2 Bg7 11. O-O O-O 12. Qd2 Bf5 13. Bb2 Rfd8 14. Rfd1 Bg4 15. Qg5 Bxf3 16. Bxf3 Rab8 17. a4 Bf6 18. Qe3 a6 19. Ba3 Qc7 20. Bxc6 Qxc6 21. Bxe7 Bxe7 22. Qxe7 Qxc3 23. Qc5 Qxc5 24. dxc5 Rxd1+ 25. Rxd1 Rc8 26. Rc1 b6 27. c6 Rc7 28. g4 Kf8 29. Kg2 Ke7 30. Kg3 Kd6 31. Rd1+ Kxc6 32. Rd8 b5 33. axb5+ axb5 34. Rd4 Rb7 35. Rd1 b4 36. Kf3 b3 37. Rc1+ Kd5 38. Ke3 b2 39. Rb1 Ke5 0-1

[Event "Turkey Cup 2019"]
[Site "Belek"]
[Date "2019.01.28"]
[Round "3.76"]
[White "Gozubuyukoglu, Selami"]
[Black "Yusufoglu, Ferit"]
[Result "1-0"]
[WhiteElo "1821"]
[BlackElo "1615"]
[Annotator "NA RC"]
[PlyCount "87"]
[EventDate "2019.01.27"]
[EventType "swiss"]
[EventCountry "TUR"]
[SourceTitle "playchess.com"]
[Source "ChessBase"]
[SourceQuality "1"]

1. e4 e5 2. Nf3 Nc6 3. Bb5 a6 4. Bxc6 dxc6 5. O-O Bd6 6. h3 Be6 7. d4 exd4 8. Qxd4 Bf8 9. Qc3 Qf6 10. Qa5 Rc8 11. Ng5 h6 12. Nxe6 Qxe6 13. Bf4 Bd6 14. e5 Be7 15. Nc3 Qf5 16. Qa4 Bc5 17. Rae1 Ne7 18. e6 Bd6 19. exf7+ Kxf7 20. Qb3+ Kf8 21. Bxd6 cxd6 22. Re3 Qd7 23. Rf3+ Ke8 24. Re1 Rf8 25. Rfe3 Rf7 26. Rxe7+ Qxe7 27. Rxe7+ Rxe7 28. Na4 Kf8 29. Nb6 Rce8 30. Nc4 d5 31. Nd6 Rd8 32. Qb4 a5 33. Qc5 Kg8 34. Nf5 Rf7 35. g4 Kh7 36. Qxa5 Rdf8 37. Qd2 Rf6 38. a4 Re8 39. a5 Rfe6 40. Qc3 Rf6 41. Qb4 Ref8 42. Qxb7 R8f7 43. Qb6 g6 44. Ng3 1-0

[Event "Turkey Cup 2019"]
[Site "Belek"]
[Date "2019.01.28"]
[Round "3.77"]
[White "Dinler, Oral"]
[Black "Baylav, Bartu"]
[Result "0-1"]
[WhiteElo "1688"]
[BlackElo "1784"]
[Annotator "NA RC"]
[PlyCount "88"]
[EventDate "2019.01.27"]
[EventType "swiss"]
[EventCountry "TUR"]
[SourceTitle "playchess.com"]
[Source "ChessBase"]
[SourceQuality "1"]

1. d4 d5 2. Bf4 e6 3. e3 c6 4. c3 f5 5. Nf3 Nf6 6. Nbd2 Bd6 7. Ne5 O-O 8. Ndf3 Qe7 9. Be2 Bd7 10. h4 Be8 11. Ng5 Nbd7 12. Qb3 Rb8 13. Qd1 Bxe5 14. dxe5 Ne4 15. Bh5 h6 16. Nh3 Nb6 17. Bxe8 Rbxe8 18. Qe2 a5 19. Qh5 Nc5 20. O-O-O a4 21. Qg6 Qf7 22. Qxf7+ Kxf7 23. Kc2 Nc4 24. Ra1 Nd7 25. b3 Ncxe5 26. Bxe5 Nxe5 27. bxa4 Nc4 28. a3 Ra8 29. Rhb1 b6 30. Rb4 c5 31. Rb3 Rxa4 32. Nf4 Rfa8 33. Nd3 Nxa3+ 34. Raxa3 Rxa3 35. Rxb6 c4 36. Ne5+ Kf6 37. Nd7+ Ke7 38. Nc5 Ra2+ 39. Kd1 Rxf2 40. Rxe6+ Kf7 41. Ra6 Rxa6 42. Nxa6 Ke6 43. Nc7+ Ke5 44. Ne8 Rxg2 0-1

[Event "Turkey Cup 2019"]
[Site "Belek"]
[Date "2019.01.28"]
[Round "3.78"]
[White "Deva, Atilla"]
[Black "Nazli, Sertan"]
[Result "0-1"]
[WhiteElo "1621"]
[BlackElo "1811"]
[Annotator "NA RC"]
[PlyCount "64"]
[EventDate "2019.01.27"]
[EventType "swiss"]
[EventCountry "TUR"]
[SourceTitle "playchess.com"]
[Source "ChessBase"]
[SourceQuality "1"]

1. d4 Nf6 2. Bf4 d5 3. e3 c5 4. c3 Nc6 5. Nd2 cxd4 6. exd4 Bf5 7. Ngf3 e6 8. Nh4 Be4 9. Bg3 Bd6 10. Nhf3 O-O 11. Ne5 Qc7 12. f4 Bf5 13. Bb5 a6 14. Bxc6 bxc6 15. O-O c5 16. Kh1 Rab8 17. b3 cxd4 18. cxd4 Ba3 19. Bh4 Bb2 20. Rb1 Bxb1 21. Qxb1 Bxd4 22. Rc1 Qa5 23. Ndf3 Bxe5 24. Nxe5 Qb5 25. Bxf6 gxf6 26. Ng4 Rfc8 27. Re1 Qb4 28. Nxf6+ Kg7 29. Nh5+ Kf8 30. Rg1 Qe4 31. Qb2 Qf5 32. Nf6 Ke7 0-1

[Event "Turkey Cup 2019"]
[Site "Belek"]
[Date "2019.01.28"]
[Round "3.79"]
[White "Onur, Cem"]
[Black "Ataer, Arda Burak"]
[Result "0-1"]
[WhiteElo "1885"]
[BlackElo "1628"]
[Annotator "NA RC"]
[PlyCount "82"]
[EventDate "2019.01.27"]
[EventType "swiss"]
[EventCountry "TUR"]
[SourceTitle "playchess.com"]
[Source "ChessBase"]
[SourceQuality "1"]

1. e4 c5 2. Nc3 Nc6 3. g3 g6 4. Bg2 Bg7 5. d3 d6 6. Be3 e6 7. Qd2 Rb8 8. Nge2 Nd4 9. O-O Ne7 10. f4 O-O 11. g4 b5 12. Ng3 b4 13. Nd1 f5 14. exf5 exf5 15. g5 Bb7 16. c3 Bxg2 17. Qxg2 bxc3 18. bxc3 Nb5 19. Ne2 Qa5 20. d4 cxd4 21. Nxd4 Nxd4 22. Bxd4 Bxd4+ 23. cxd4 Qd5 24. Qd2 Nc6 25. Nc3 Qxd4+ 26. Qxd4 Nxd4 27. Rad1 Rb4 28. Nd5 Ra4 29. Nf6+ Kg7 30. Rd2 h6 31. Rb2 hxg5 32. fxg5 Ne6 33. Rb7+ Rf7 34. Ne8+ Kf8 35. Rb8 Ke7 36. Re1 Re4 37. Rxe4 fxe4 38. h4 Rf8 39. Rb7+ Kxe8 40. Rxa7 e3 41. Ra3 e2 0-1

[Event "Turkey Cup 2019"]
[Site "Belek"]
[Date "2019.01.28"]
[Round "3.81"]
[White "Lale, Omer Faruk"]
[Black "Ersoy, Emre"]
[Result "1-0"]
[WhiteElo "1829"]
[BlackElo "1591"]
[Annotator "NA RC"]
[PlyCount "61"]
[EventDate "2019.01.27"]
[EventType "swiss"]
[EventCountry "TUR"]
[SourceTitle "playchess.com"]
[Source "ChessBase"]
[SourceQuality "1"]

1. e4 e6 2. c4 d5 3. cxd5 exd5 4. exd5 Nf6 5. Bc4 Nxd5 6. Qf3 Be6 7. Nc3 c6 8. Nge2 Be7 9. Nd4 O-O 10. Nxe6 fxe6 11. Qe4 Qd6 12. d4 Nd7 13. O-O N7f6 14. Qf3 Rae8 15. Bb3 h6 16. Be3 Nh7 17. Ne4 Qc7 18. Qh5 Nhf6 19. Nxf6+ Bxf6 20. Bc2 Nf4 21. Qg4 e5 22. Rae1 Re7 23. Bxf4 exf4 24. Qg6 Bxd4 25. Qh7+ Kf7 26. Bg6+ Kf6 27. Bh5 Rxe1 28. Rxe1 Bxf2+ 29. Kxf2 Qb6+ 30. Kf3 Qxb2 31. Qg6# 1-0

[Event "Turkey Cup 2019"]
[Site "Belek"]
[Date "2019.01.28"]
[Round "3.82"]
[White "Yildirim, Kemal"]
[Black "Usluoglu, Servet"]
[Result "0-1"]
[WhiteElo "1669"]
[BlackElo "1783"]
[Annotator "NA RC"]
[PlyCount "48"]
[EventDate "2019.01.27"]
[EventType "swiss"]
[EventCountry "TUR"]
[SourceTitle "playchess.com"]
[Source "ChessBase"]
[SourceQuality "1"]

1. e4 e5 2. Nf3 Nc6 3. d4 exd4 4. Nxd4 Bc5 5. Nb3 Bb6 6. Nc3 Nf6 7. Qe2 d6 8. Be3 Be6 9. O-O-O Qe7 10. f3 O-O 11. Kb1 Rfd8 12. Nd5 Bxd5 13. Bxb6 Bxb3 14. Bxc7 Bxa2+ 15. Kxa2 Qxc7 16. Kb1 d5 17. exd5 Rxd5 18. Rxd5 Nxd5 19. Qf2 Ncb4 20. c3 Rc8 21. Qd4 Qc6 22. Qg4 Nxc3+ 23. bxc3 Qxc3 24. Qxc8+ Qxc8 0-1

[Event "Turkey Cup 2019"]
[Site "Belek"]
[Date "2019.01.28"]
[Round "3.83"]
[White "Temel, Burcu Melis"]
[Black "Yildiz, Eyup Ensar"]
[Result "1-0"]
[WhiteElo "1796"]
[BlackElo "1612"]
[Annotator "NA RC"]
[PlyCount "78"]
[EventDate "2019.01.27"]
[EventType "swiss"]
[EventCountry "TUR"]
[SourceTitle "playchess.com"]
[Source "ChessBase"]
[SourceQuality "1"]

1. e4 e5 2. Nf3 Nc6 3. Bc4 Bc5 4. O-O Nf6 5. d3 h6 6. c3 O-O 7. b4 Be7 8. Re1 d6 9. h3 a6 10. Bb3 Be6 11. Nbd2 Qd7 12. Nf1 Rad8 13. Bb2 Nh7 14. Ne3 Nf6 15. Nd5 Rfe8 16. Rc1 Na7 17. c4 c6 18. Ne3 Nc8 19. Qc2 Qc7 20. d4 exd4 21. Nxd4 Qd7 22. Rcd1 d5 23. exd5 cxd5 24. cxd5 Bxd5 25. Nxd5 Nxd5 26. Bxd5 Qxd5 27. Nf5 Qb5 28. Nxe7+ Nxe7 29. Rxd8 Rxd8 30. Rxe7 Qxb4 31. Re4 Rd1+ 32. Kh2 Qd6+ 33. Be5 Qd5 34. Qc8+ Kh7 35. Qf5+ Kg8 36. Rg4 g6 37. Qf6 Kf8 38. Rxg6 Qxe5+ 39. Qxe5 fxg6 1-0

[Event "Turkey Cup 2019"]
[Site "Belek"]
[Date "2019.01.28"]
[Round "3.84"]
[White "Erol, Harun Eser"]
[Black "Atay, Sergen"]
[Result "1/2-1/2"]
[WhiteElo "1464"]
[BlackElo "1769"]
[Annotator "NA RC"]
[PlyCount "37"]
[EventDate "2019.01.27"]
[EventType "swiss"]
[EventCountry "TUR"]
[SourceTitle "playchess.com"]
[Source "ChessBase"]
[SourceQuality "1"]

1. f4 d5 2. Nf3 Nf6 3. e3 e6 4. d4 c5 5. c3 Nc6 6. Bd3 Be7 7. O-O O-O 8. Nbd2 b6 9. Ne5 Bb7 10. Qf3 Re8 11. g4 g6 12. Qh3 Nxe5 13. fxe5 Ne4 14. Bxe4 dxe4 15. Rxf7 Kxf7 16. Qxh7+ Kf8 17. Nxe4 Bxe4 18. Qh8+ Kf7 19. Qh7+ 1/2-1/2

[Event "Turkey Cup 2019"]
[Site "Belek"]
[Date "2019.01.28"]
[Round "3.85"]
[White "Konez, Serkan"]
[Black "Uysal, Ilyas"]
[Result "0-1"]
[WhiteElo "1513"]
[BlackElo "1718"]
[Annotator "NA RC"]
[PlyCount "72"]
[EventDate "2019.01.27"]
[EventType "swiss"]
[EventCountry "TUR"]
[SourceTitle "playchess.com"]
[Source "ChessBase"]
[SourceQuality "1"]

1. d4 d5 2. Nc3 Nf6 3. e4 dxe4 4. f3 exf3 5. Qxf3 c6 6. Bd3 Qxd4 7. h3 Qh4+ 8. g3 Qh5 9. Qg2 Be6 10. Nf3 Nbd7 11. g4 Qa5 12. Bd2 Ne5 13. O-O Nxd3 14. cxd3 Nd5 15. Ne4 Qb6+ 16. d4 h6 17. Nc5 Nc7 18. Qe2 O-O-O 19. a4 g5 20. Nxe6 Nxe6 21. Qe5 Bg7 22. Qf5 Bxd4+ 23. Kh1 c5 24. Rae1 Bf6 25. b4 Qc6 26. Be3 Rd5 27. Qb1 h5 28. Kg1 hxg4 29. hxg4 Qc7 30. Re2 Bd4 31. Bxd4 Nxd4 32. Nxd4 Qg3+ 33. Rg2 Qe3+ 34. Rgf2 Rxd4 35. Qf5+ e6 36. Qxc5+ Kb8 0-1

[Event "Turkey Cup 2019"]
[Site "Belek"]
[Date "2019.01.28"]
[Round "3.87"]
[White "Lokman, Hilmi Merih"]
[Black "Ozcan, Kadir Kutay"]
[Result "0-1"]
[WhiteElo "1597"]
[BlackElo "1794"]
[Annotator "NA RC"]
[PlyCount "68"]
[EventDate "2019.01.27"]
[EventType "swiss"]
[EventCountry "TUR"]
[SourceTitle "playchess.com"]
[Source "ChessBase"]
[SourceQuality "1"]

1. d4 Nf6 2. c4 e6 3. Nc3 Bb4 4. Qc2 c5 5. e3 Nc6 6. dxc5 Bxc5 7. a3 O-O 8. b4 Be7 9. Nf3 d5 10. Bb2 dxc4 11. Bxc4 a6 12. Rd1 Qc7 13. Qe2 b5 14. Bd3 Bb7 15. O-O Rac8 16. Rc1 Qb8 17. Ne4 Nxe4 18. Bxe4 f5 19. Bb1 e5 20. Ba2+ Kh8 21. Rxc6 Bxc6 22. Nxe5 Be8 23. Bb3 Bf6 24. f4 Bxe5 25. Bxe5 Qb6 26. Rf3 Rc6 27. Qb2 Rg6 28. Bd4 Qb7 29. h4 Qxf3 30. Bxg7+ Rxg7 31. Qxg7+ Kxg7 32. gxf3 Bf7 33. Bc2 Be6 34. Kf2 Rc8 0-1

[Event "Turkey Cup 2019"]
[Site "Belek"]
[Date "2019.01.28"]
[Round "3.88"]
[White "Turan, Seyithan"]
[Black "Eroglu, Berke"]
[Result "1-0"]
[WhiteElo "1746"]
[BlackElo "1442"]
[Annotator "NA RC"]
[PlyCount "65"]
[EventDate "2019.01.27"]
[EventType "swiss"]
[EventCountry "TUR"]
[SourceTitle "playchess.com"]
[Source "ChessBase"]
[SourceQuality "1"]

1. e4 c5 2. d4 cxd4 3. c3 e6 4. cxd4 d5 5. exd5 exd5 6. Nf3 Nc6 7. Bd3 Nf6 8. O-O Be7 9. Be3 Bg4 10. Nbd2 O-O 11. a3 Rc8 12. b4 a5 13. b5 Nb8 14. a4 b6 15. Qb3 Bxf3 16. Nxf3 Qd6 17. Bf5 Rc4 18. Ne5 Rb4 19. Qc2 g6 20. Bd3 Nbd7 21. Nf3 Ng4 22. Bd2 Rxd4 23. h3 Rxd3 24. Qxd3 Nde5 25. Nxe5 Nxe5 26. Qg3 Nc4 27. Qxd6 Bxd6 28. Bc3 Rd8 29. Rfd1 Bc5 30. Bd4 f5 31. Rac1 Kf7 32. Bxc5 bxc5 33. Rxc4 1-0

[Event "Turkey Cup 2019"]
[Site "Belek"]
[Date "2019.01.28"]
[Round "3.89"]
[White "Basaran, Alp"]
[Black "Kizilkus, Tanju"]
[Result "1-0"]
[WhiteElo "1723"]
[BlackElo "1585"]
[Annotator "NA RC"]
[PlyCount "75"]
[EventDate "2019.01.27"]
[EventType "swiss"]
[EventCountry "TUR"]
[SourceTitle "playchess.com"]
[Source "ChessBase"]
[SourceQuality "1"]

1. e4 e6 2. d4 d5 3. Nd2 Nf6 4. e5 Nfd7 5. Bd3 c5 6. c3 Nc6 7. Ngf3 Be7 8. O-O O-O 9. Re1 f6 10. exf6 Nxf6 11. Nf1 Qb6 12. Ng3 Bd7 13. Ne5 cxd4 14. Nxc6 bxc6 15. cxd4 c5 16. Nh5 cxd4 17. Nxf6+ Bxf6 18. Qh5 g6 19. Qg4 Rf7 20. Qg3 e5 21. Bg5 e4 22. Bxf6 Rxf6 23. Bc2 Raf8 24. Bb3 Be6 25. Rf1 d3 26. h3 d4 27. Qe5 Bxb3 28. axb3 Re6 29. Qd5 Rd8 30. Qc4 Kg7 31. Rxa7+ Kh6 32. Raa1 d2 33. Qe2 e3 34. fxe3 dxe3 35. Kh1 Qxb3 36. Qg4 Kg7 37. Ra7+ Kg8 38. Qh4 1-0

[Event "Turkey Cup 2019"]
[Site "Belek"]
[Date "2019.01.28"]
[Round "3.90"]
[White "Bayram, Irem Inci"]
[Black "Aslanhan, Halis"]
[Result "0-1"]
[WhiteElo "1525"]
[BlackElo "1779"]
[Annotator "NA RC"]
[PlyCount "142"]
[EventDate "2019.01.27"]
[EventType "swiss"]
[EventCountry "TUR"]
[SourceTitle "playchess.com"]
[Source "ChessBase"]
[SourceQuality "1"]

1. d4 Nf6 2. c4 e6 3. Nc3 d5 4. cxd5 exd5 5. Bg5 c6 6. e3 Bf5 7. Nf3 Nbd7 8. Be2 Qb6 9. Qc1 Bd6 10. O-O O-O 11. a3 Qc7 12. Bf4 Bxf4 13. exf4 Ne8 14. Qd2 Nd6 15. Rac1 Ne4 16. Nxe4 Bxe4 17. b4 Qd6 18. Ne5 f6 19. Nd3 Bxd3 20. Bxd3 Rfe8 21. Rfe1 Nf8 22. g3 a5 23. Rxe8 Rxe8 24. Rb1 axb4 25. axb4 Ra8 26. Qc2 b5 27. Rc1 Ra6 28. Qc3 Ne6 29. Rb1 Nf8 30. Rc1 g6 31. Rc2 f5 32. f3 Qf6 33. Bf1 Ne6 34. Bxb5 Qxd4+ 35. Qxd4 Nxd4 36. Bxa6 Nxc2 37. b5 cxb5 38. Bxb5 Kf7 39. Kf2 Ke6 40. Bd3 Nb4 41. Bb1 d4 42. Ke2 h6 43. g4 Nd5 44. Ba2 Kd6 45. Kd3 Nb4+ 46. Kxd4 Nxa2 47. h4 h5 48. Ke3 Kd5 49. Kd3 Nc1+ 50. Ke3 Kc4 51. Kd2 Kd4 52. Kxc1 Ke3 53. gxf5 gxf5 54. Kd1 Kxf3 55. Ke1 Kxf4 56. Kf2 Kg4 57. Kg2 Kxh4 58. Kf3 Kg5 59. Kg3 f4+ 60. Kf3 h4 61. Kg2 Kg4 62. Kh1 Kf3 63. Kg1 Ke2 64. Kg2 f3+ 65. Kh1 f2 66. Kh2 f1=R 67. Kg2 h3+ 68. Kh2 Kf2 69. Kxh3 Rg1 70. Kh2 Rg3 71. Kh1 Rh3# 0-1

[Event "Turkey Cup 2019"]
[Site "Belek"]
[Date "2019.01.28"]
[Round "3.91"]
[White "Elalmis, Husamettin"]
[Black "Ozturk, Oguzhan"]
[Result "0-1"]
[WhiteElo "1754"]
[BlackElo "1528"]
[Annotator "NA RC"]
[PlyCount "136"]
[EventDate "2019.01.27"]
[EventType "swiss"]
[EventCountry "TUR"]
[SourceTitle "playchess.com"]
[Source "ChessBase"]
[SourceQuality "1"]

1. d4 Nf6 2. c4 e5 3. d5 Bc5 4. Nc3 O-O 5. e3 d6 6. Bd3 c6 7. Qb3 Ng4 8. Na4 Na6 9. Bd2 Qh4 10. g3 Qf6 11. f3 Bxe3 12. Bxe3 Nxe3 13. Bxh7+ Kxh7 14. Qxe3 cxd5 15. cxd5 Bd7 16. Nc3 Nb4 17. Qe4+ Kg8 18. Qxb4 a5 19. Qh4 Qg6 20. Nge2 b5 21. O-O Rac8 22. Rac1 Rc4 23. Qe7 Bh3 24. Rfd1 Qf5 25. f4 b4 26. Qxd6 bxc3 27. Qxe5 Qc8 28. bxc3 Re8 29. Qd6 Rxe2 30. Re1 Qc5+ 31. Qxc5 Rxe1+ 32. Rxe1 Rxc5 33. d6 Be6 34. Rd1 Bd7 35. Rd3 Kf8 36. Kf2 Ke8 37. Ke3 Be6 38. d7+ Kd8 39. a3 Bxd7 40. Kd4 Rh5 41. Rd2 Kc7 42. c4 Rh6 43. Re2 Rd6+ 44. Kc3 Be6 45. Re5 Ra6 46. Kd4 g6 47. h4 Kd6 48. h5 gxh5 49. Rxh5 Ra7 50. Rb5 a4 51. f5 Bd7 52. Rb6+ Kc7 53. c5 Rb7 54. Rf6 Be8 55. g4 Rb3 56. g5 Rxa3 57. g6 fxg6 58. fxg6 Rg3 59. Ra6 Bxg6 60. Kd5 Bc2 61. Ra5 Bb3+ 62. Kd4 Rg4+ 63. Kc3 Kc6 64. Kb2 Kd5 65. Kc3 Rg3+ 66. Kb2 Kc4 67. Ra7 Rg2+ 68. Kc1 Kc3 0-1

[Event "Turkey Cup 2019"]
[Site "Belek"]
[Date "2019.01.28"]
[Round "3.92"]
[White "Hatirli, Ugur Can"]
[Black "Atik, Muhammed Ihsan"]
[Result "1-0"]
[WhiteElo "1713"]
[BlackElo "1464"]
[Annotator "NA RC"]
[PlyCount "75"]
[EventDate "2019.01.27"]
[EventType "swiss"]
[EventCountry "TUR"]
[SourceTitle "playchess.com"]
[Source "ChessBase"]
[SourceQuality "1"]

1. c4 g6 2. Nc3 Bg7 3. g3 Nf6 4. Bg2 d6 5. e4 O-O 6. Nge2 c5 7. O-O Nc6 8. d3 a6 9. h3 Rb8 10. a4 Bd7 11. Be3 e5 12. f4 Ne8 13. f5 Nd4 14. g4 f6 15. b4 cxb4 16. Nd5 Bc6 17. Bxd4 exd4 18. Ndf4 Rf7 19. fxg6 hxg6 20. Nxg6 b5 21. cxb5 axb5 22. a5 Bh6 23. Ngf4 Ra7 24. Qb3+ Kh8 25. Qxb4 Rba8 26. Ne6 Be3+ 27. Kh1 Qc8 28. N6xd4 Bd7 29. Nf5 Bxf5 30. Rxf5 Rh7 31. Qc3 Qxc3 32. Nxc3 Rb8 33. Rxb5 Rc8 34. Nd5 Bd4 35. Rab1 Nc7 36. Rb8 Rxb8 37. Rxb8+ Kg7 38. Nxc7 1-0

[Event "Turkey Cup 2019"]
[Site "Belek"]
[Date "2019.01.28"]
[Round "3.93"]
[White "Ceylan, Sezer"]
[Black "Sazlik, Mucahit"]
[Result "1-0"]
[WhiteElo "1689"]
[BlackElo "1527"]
[Annotator "NA RC"]
[PlyCount "65"]
[EventDate "2019.01.27"]
[EventType "swiss"]
[EventCountry "TUR"]
[SourceTitle "playchess.com"]
[Source "ChessBase"]
[SourceQuality "1"]

1. e4 e6 2. d4 d5 3. Nd2 Nf6 4. e5 Nfd7 5. Bd3 c5 6. c3 Nc6 7. Ne2 cxd4 8. cxd4 f6 9. exf6 Nxf6 10. O-O Bd6 11. Nf3 Qc7 12. Bg5 O-O 13. Rc1 Ng4 14. Ng3 g6 15. Bb1 Qb6 16. Rc3 Bd7 17. Rb3 Qc7 18. Nh4 Nf6 19. Bxg6 hxg6 20. Nxg6 Kg7 21. Nxf8 Rxf8 22. Nh5+ Nxh5 23. Qxh5 Rh8 24. Bf6+ Kxf6 25. Rf3+ Ke7 26. Rf7+ Ke8 27. Rh7+ Kd8 28. Rxh8+ Ke7 29. Qg5+ Kf7 30. Qg8+ Kf6 31. Rh6+ Kf5 32. Qg6+ Kf4 33. Rh4# 1-0

[Event "Turkey Cup 2019"]
[Site "Belek"]
[Date "2019.01.28"]
[Round "3.94"]
[White "Kiraz, Yigit"]
[Black "Erkam, Hakan Oguzcan"]
[Result "1-0"]
[WhiteElo "1673"]
[BlackElo "1483"]
[Annotator "NA RC"]
[PlyCount "69"]
[EventDate "2019.01.27"]
[EventType "swiss"]
[EventCountry "TUR"]
[SourceTitle "playchess.com"]
[Source "ChessBase"]
[SourceQuality "1"]

1. e4 d6 2. d4 Nf6 3. Nc3 g6 4. Be2 Bg7 5. Nf3 O-O 6. O-O Nbd7 7. e5 dxe5 8. dxe5 Ng4 9. e6 fxe6 10. Ng5 Nxf2 11. Rxf2 Rxf2 12. Kxf2 Qf8+ 13. Kg1 Ne5 14. Qf1 Bd7 15. Be3 h6 16. Qxf8+ Rxf8 17. Nge4 Bc6 18. Rd1 a6 19. Nc5 Rf6 20. Bd4 Rf5 21. Nxe6 Kf7 22. Nxg7 Kxg7 23. Rf1 Rg5 24. Bf3 Bxf3 25. Rxf3 c5 26. Bxe5+ Rxe5 27. Kf2 b5 28. Re3 Rf5+ 29. Ke2 Rg5 30. g3 Kf8 31. h4 Rg4 32. Ne4 c4 33. c3 b4 34. Nf2 bxc3 35. bxc3 1-0